| 000 | 00538nam a2200193Ia 4500 | ||
|---|---|---|---|
| 008 | 230125s9999 xx 000 0 und d | ||
| 041 | _aeng | ||
| 082 |
_a658.4033 _bTHE |
||
| 100 |
_aThe ICFAI University _9114853 |
||
| 245 | _aQuantitative Methods : Study Guide | ||
| 250 | _a1st Ed. | ||
| 260 |
_c2005 _bThe ICFAI University _aHyderabad |
||
| 300 | _a264p | ||
| 440 | _aICFAI | ||
| 500 | _aICFAI Series Book;Quantitative methods | ||
| 650 |
_aMathematics _9106897 |
||
| 700 |
_aThe ICFAI University _9114853 |
||
| 999 |
_c92467 _d92467 |
||